Sharjah Art Foundation Library

قصائد مختارة/ (Record no. 6648)

MARC details
000 -LEADER
fixed length control field 00629nam a2200169Ia 4500
001 - CONTROL NUMBER
control field 6648
008 - FIXED-LENGTH DATA ELEMENTS--GENERAL INFORMATION
fixed length control field 260622s9999 xx 000 0 und d
020 ## - INTERNATIONAL STANDARD BOOK NUMBER
International Standard Book Number 9948042360
245 #0 - TITLE STATEMENT
Title قصائد مختارة/
Statement of responsibility, etc. محمد محمد الشهاوي
260 ## - PUBLICATION, DISTRIBUTION, ETC.
Place of publication, distribution, etc. الشارقة؛
Name of publisher, distributor, etc. دائرة الثقافة والإعلام؛
Date of publication, distribution, etc. 2005
300 ## - PHYSICAL DESCRIPTION
Extent 252p;
Dimensions 21x14cm
520 ## - SUMMARY, ETC.
Summary, etc. The Arabic poem and its critical hurting face and the mistakes of the Arab society after the successive disappointments
546 ## - LANGUAGE NOTE
Language note Arabic
650 ## - SUBJECT ADDED ENTRY--TOPICAL TERM
Topical term or geographic name entry element PN1010-1525 Literature- Poetry
9 (RLIN) 2770
651 ## - SUBJECT ADDED ENTRY--GEOGRAPHIC NAME
Geographic name Levant
Geographic subdivision Palestine فلسطين
9 (RLIN) 9505
942 ## - ADDED ENTRY ELEMENTS (KOHA)
Koha item type Book
Holdings
Withdrawn status Lost status Damaged status Not for loan Collection Home library Current library Date acquired Total Checkouts Full call number Barcode Date last seen Price effective from Koha item type
        Language and Literature SAF Reference Library SAF Reference Library 06/22/2026   PN1010-1525 160.42 6648 06/22/2026 06/22/2026 Book

Copyright © 2022. Sharjah Art Foundation. All Rights Reserved.